Anglicko - slovenský slovensko - anglický ekonomický slovník
Salvato in:
| Natura: | Libro |
|---|---|
| Lingua: | multilingua |
| Pubblicazione: |
Bratislava :
Elita,
1996
|
| Tags: |
Nessun Tag, puoi essere il primo ad aggiungerne!!
|
MARC
| LEADER | 00000nam a22000003a 4500 | ||
|---|---|---|---|
| 001 | stu9565 | ||
| 005 | 20150408162623.0 | ||
| 008 | 970709s1996----xo------------------mul-d | ||
| 020 | |a 80-8044-019-0 | ||
| 040 | |a STU |b slo | ||
| 041 | 0 | |a mul | |
| 044 | |a xo | ||
| 080 | |a 33 |7 stu_us_auth*stu7876 | ||
| 080 | |a 801.316.4=20=854 |7 stu_us_auth*stu8144 | ||
| 245 | |a Anglicko - slovenský slovensko - anglický ekonomický slovník | ||
| 260 | |a Bratislava : |b Elita, |c 1996 | ||
| 300 | |a 233 s | ||
| 996 | |b E81285 |c R*81285 |l RRUM |s A |a 24 |w stu9565_0001 | ||